Aéronefs - Statistiques

Statistiques générales
  • Ce quiz a été pris 91 fois
    81 depuis la dernière actualisation
  • Le résultat moyen est 35 sur 68
Statistiques - réponses
Par images Réponse % Correct
A10 Warthog
84%
B2 Spirit
84%
F22 Raptor
84%
F35 Lightning
84%
A400M
81%
EC665 Tigre
81%
Mirage 2000
81%
Rafale
81%
Eurofighter Typhoon
78%
F16 Fighting Falcon
78%
SR71 Blackbird
78%
F15 Strike Eagle
72%
SA342M Gazelle
69%
SU57
69%
B-52 Stratofortress
66%
C17 Globmaster
66%
F117 Nighthawk
66%
F14 Tomcat
66%
SU27 Flanker
66%
B1 Lancer
63%
NH90 Caiman
63%
C130 Hercules
59%
CH47 Chinook
59%
C5 Galaxy
56%
H225M Caracal
56%
SU47 Berkut
56%
Super Etendard
56%
XQ9 Reaper
56%
AH64 Apache
53%
MIG29
53%
UH60 Black Hawk
53%
E2C Hawkeye
50%
F111Aardvark
50%
SA330 PUMA
50%
SA365 Dauphin
50%
V22 Osprey
50%
Vulcan
50%
CN235 Casa
47%
JAS 39 Gripen
47%
MI26
47%
SU25 Gratch
47%
SU34
47%
Fennec
44%
J20 Chengdu
44%
Tornado
44%
AH1 Cobra
41%
C160 Transall
41%
FA18 Hornet
41%
KA52 Alligator
41%
MI24
41%
MIG31
41%
FA 18 Super Hornet
38%
MIG23
38%
Nord 2501 Noratlas
38%
AS532 Cougar
34%
Tu160
34%
MH6 Little Bird
31%
MI28
31%
MI8
31%
TU22
31%
TU95
31%
UH1 Iroquois "Huey"
28%
CH53 Sea Stallion
22%
MI6
22%
Kronstadt Orion
16%
XQ1 Predator
16%
Bayraktar TB2
9%
Harfang
6%
Aucun quiz correspondant
Distribution des résultats
% des personnes avec chaque résultat
Percentile par nombre de réponses
Votre historique - résultats
Vous n’avez pas pris ce quiz depuis la dernière actualisation